Name The Musical Quiz Stats

 Plays Quiz not verified by Sporcle

Challenge
Share
Tweet
Embed
Score 0/16 Timer 08:00
0 Plays Today
% Correct
The Little Mermaid
94.8%
West Side Story
91.7%
The Producers
86.6%
Wicked
86.6%
Les Miserables
84.5%
Hairspray
75.9%
Avenue Q
68.3%
Sweeney Todd
59%
% Correct
Cats
58.6%
The Rocky Horror Show
49.7%
The Sound of Music
41.4%
Miss Saigon
30.3%
Aspects of Love
26.6%
La Cage Aux Folles
22.8%
Anything Goes
15.5%
Sunset Boulevard
14.8%

You're not logged in!

Compare scores with friends on all Sporcle quizzes.
OR
Log In

You Might Also Like...

Show Comments

Extras

Created Mar 28, 2010ReportNominate
Tags:Musical Quiz, Song Quiz

Top Quizzes Today


Score Distribution

Your Account Isn't Verified!

In order to create a playlist on Sporcle, you need to verify the email address you used during registration. Go to your Sporcle Settings to finish the process.

Report this User

Report this user for behavior that violates our Community Guidelines.

Details: